000 00729naa a22002297u 4500
001 18499
003 HDC
007 cr bn ---aaaaa
008 210227t xx 000 0 eng
040 _aHDC
245 0 _arbST-no human risks
260 _a[No place] :
_b[publisher not identified],
_c[no year]
336 _atext
_2rdacontent
337 _acomputer
_2rdamedia
338 _aonline resource
_2rdacarrier
650 _aAnimal industry
_97120
650 _aMilk production
_97400
856 _zRequest full-text at [email protected]
942 _2lcc
942 _cEIJ
942 _kEMAG 000655
999 _c15815
_d15815